[Event "ROM-ch U10"]
[Site "Calimanesti Caciulata"]
[Date "2019.04.21"]
[Round "8"]
[White "Sofineti, David Andrei"]
[Black "Iordache, Matei Stefan"]
[Result "1-0"]
[WhiteElo "1079"]
[BlackElo "1086"]
[PlyCount "111"]
[EventDate "2019.04.15"]
[EventType "swiss"]
[EventRounds "9"]
[EventCountry "ROU"]
[SourceTitle "CBM 190 Extra"]
[Source "ChessBase"]
[SourceDate "2019.07.15"]
[SourceVersion "1"]
[SourceVersionDate "2019.07.15"]
[SourceQuality "1"]

1. e4 e6 2. d3 d5 3. exd5 exd5 4. Be2 Nf6 5. Nf3 Nc6 6. Bg5 Bd6 7. 0-0 0-0 8. Re1 h6 9. Bd2 Bf5 10. a3 Qd7 11. Bc3 Ng4 12. h3 Nge5 13. Nbd2 Rfe8 14. Bf1 Nxf3+ 15. Nxf3 Re7 16. Rxe7 Qxe7 17. Qe1 Re8 18. Qxe7 Rxe7 19. Nd4 Nxd4 20. Bxd4 c5 21. Be3 Be5 22. Bxc5 Rc7 23. Bxa7 Rxc2 24. d4 Bc7 25. a4 b6 26. b4 Rb2 27. a5 Rxb4 28. axb6 Bxb6 29. Bxb6 Rxb6 30. Rd1 Rb1 31. Rxb1 Bxb1 32. Kh2 Kh7 33. Kg3 Kg6 34. Kg4 Be4 35. Kf4 Kf6 36. h4 g5+ 37. hxg5+ hxg5+ 38. Ke3 Ke6 39. f3 Bc2 40. g4 f6 41. Bd3 Bxd3 42. Kxd3 f5 43. gxf5+ Kxf5 44. Ke3 g4 45. fxg4+ Kxg4 46. Ke2 Kf4 47. Kd3 Kf5 48. Ke3 Ke6 49. Kf4 Kd6 50. Kf5 Kc6 51. Ke5 Kd7 52. Kxd5 Kc7 53. Ke6 Kd8 54. d5 Ke8 55. d6 Kd8 56. d7 1-0

[Event "ROM-ch U10"]
[Site "Calimanesti"]
[Date "2018.04.02"]
[Round "8"]
[White "Iordache, Matei Stefan"]
[Black "Frincu, Marius Sebastian"]
[Result "0-1"]
[WhiteElo "1069"]
[BlackElo "1295"]
[PlyCount "82"]
[EventDate "2018.03.27"]
[EventType "swiss"]
[EventRounds "9"]
[EventCountry "ROU"]
[SourceTitle "CBM 183 Extra"]
[Source "ChessBase"]
[SourceDate "2018.04.19"]
[SourceVersion "1"]
[SourceVersionDate "2018.04.19"]
[SourceQuality "1"]

1. e4 d5 2. exd5 Qxd5 3. Nc3 Qa5 4. Nf3 Nf6 5. Bc4 Bf5 6. d4 c6 7. Bd2 Qc7 8. 0-0 e6 9. Re1 Bd6 10. Rc1 Nbd7 11. Qe2 0-0 12. h3 Rad8 13. Qe3 Nb6 14. Bd3 Bxd3 15. Qxd3 Nfd5 16. Ng5 g6 17. Nge4 Nxc3 18. Nxc3 Bf4 19. Ne4 Bxd2 20. Qxd2 e5 21. Qh6 f6 22. Nc5 Qe7 23. c3 Nc8 24. Re2 b6 25. Nb3 Qf7 26. Rce1 a5 27. f3 a4 28. Nd2 exd4 29. cxd4 Rxd4 30. Re6 g5 31. Nb1 Rh4 32. Qxh4 gxh4 33. Rxc6 Qxa2 34. Rc7 Qxb2 35. Nc3 a3 36. Re4 a2 37. Rg4+ Kh8 38. Rgg7 a1Q+ 39. Kh2 Qc2 40. Nd5 Qe5+ 41. Kh1 Qd1# 0-1

[Event "ROM-ch U10"]
[Site "Calimanesti"]
[Date "2018.03.29"]
[Round "4"]
[White "Iordache, Matei Stefan"]
[Black "Radu, Teodor"]
[Result "0-1"]
[WhiteElo "1069"]
[BlackElo "1278"]
[PlyCount "44"]
[EventDate "2018.03.27"]
[EventType "swiss"]
[EventRounds "9"]
[EventCountry "ROU"]
[SourceTitle "CBM 183 Extra"]
[Source "ChessBase"]
[SourceDate "2018.04.19"]
[SourceVersion "1"]
[SourceVersionDate "2018.04.19"]
[SourceQuality "1"]

1. e4 e6 2. d4 d5 3. exd5 exd5 4. Bd3 Bd6 5. Nf3 Nf6 6. Be3 Be6 7. 0-0 Nbd7 8. Nbd2 c6 9. c3 Qc7 10. b4 Bg4 11. Qb3 0-0 12. h3 Be6 13. Qc2 b5 14. Ng5 h6 15. Nxe6 fxe6 16. Bg6 e5 17. dxe5 Bxe5 18. f4 Bd6 19. Qf5 Kh8 20. Nf3 Ne4 21. Qg4 Nxc3 22. Nh4 Nf6 0-1

[Event "ROM-ch U10"]
[Site "Calimanesti"]
[Date "2018.03.29"]
[Round "3"]
[White "Onica, Victor Dominic"]
[Black "Iordache, Matei Stefan"]
[Result "0-1"]
[WhiteElo "1354"]
[BlackElo "1069"]
[PlyCount "33"]
[EventDate "2018.03.27"]
[EventType "swiss"]
[EventRounds "9"]
[EventCountry "ROU"]
[SourceTitle "CBM 183 Extra"]
[Source "ChessBase"]
[SourceDate "2018.04.19"]
[SourceVersion "1"]
[SourceVersionDate "2018.04.19"]
[SourceQuality "1"]

1. e4 e6 2. d4 d5 3. e5 c5 4. Bb5+ Nc6 5. Nf3 Qb6 6. Bxc6+ bxc6 7. c3 Ba6 8. a4 Ne7 9. a5 Qb5 10. Ng5 Nf5 11. Na3 Qb7 12. b3 cxd4 13. cxd4 Bb4+ 14. Bd2 Nxd4 15. Nxf7 Nxb3 16. Nd6+ Bxd6 17. exd6 0-1

[Event "ROM-ch U10"]
[Site "Calimanesti"]
[Date "2018.03.27"]
[Round "1"]
[White "Botea, David Alexandru"]
[Black "Iordache, Matei Stefan"]
[Result "0-1"]
[WhiteElo "1675"]
[BlackElo "1069"]
[PlyCount "36"]
[EventDate "2018.03.27"]
[EventType "swiss"]
[EventRounds "9"]
[EventCountry "ROU"]
[SourceTitle "CBM 183 Extra"]
[Source "ChessBase"]
[SourceDate "2018.04.19"]
[SourceVersion "1"]
[SourceVersionDate "2018.04.19"]
[SourceQuality "1"]

1. e4 e6 2. d4 d5 3. Nd2 c5 4. exd5 exd5 5. Ngf3 Nc6 6. Bb5 Bg4 7. dxc5 Bxc5 8. 0-0 Nf6 9. Re1+ Be6 10. Ng5 Qd6 11. Nxe6 fxe6 12. Qe2 0-0 13. Qxe6+ Qxe6 14. Rxe6 Nd4 15. Rxf6 Rxf6 16. Bd3 Re8 17. Kf1 Nxc2 18. Rb1 Re1# 0-1

[Event "ROM-ch U08"]
[Site "Baile Felix"]
[Date "2017.02.04"]
[Round "3"]
[White "Lefter, Albert"]
[Black "Iordache, Matei Stefan"]
[Result "0-1"]
[WhiteElo "1001"]
[BlackElo "1088"]
[PlyCount "44"]
[EventDate "2017.02.02"]
[EventType "swiss"]
[EventRounds "9"]
[EventCountry "ROU"]
[SourceTitle "CBM 176 Extra"]
[Source "ChessBase"]
[SourceDate "2017.03.02"]
[SourceVersion "1"]
[SourceVersionDate "2017.03.02"]
[SourceQuality "1"]

1. e4 e5 2. Nf3 d5 3. Bb5+ Bd7 4. Bxd7+ Qxd7 5. d4 dxe4 6. Nxe5 Qe6 7. Nc3 Nf6 8. 0-0 Bd6 9. Bf4 0-0 10. d5 Qf5 11. Ne2 Bxe5 12. Bxe5 Qxe5 13. Re1 Nxd5 14. Ng3 Nf4 15. c3 Nc6 16. b4 Rfe8 17. a4 Qxc3 18. b5 Nd4 19. Re3 Qc5 20. Qc1 Qxc1+ 21. Rxc1 c6 22. Rc4 Rad8 0-1

[Event "ROM-ch U08"]
[Site "Baile Felix"]
[Date "2017.02.02"]
[Round "1"]
[White "Mihaescu Duta, Tudor Mihai"]
[Black "Iordache, Matei Stefan"]
[Result "0-1"]
[WhiteElo "1001"]
[BlackElo "1088"]
[PlyCount "52"]
[EventDate "2017.02.02"]
[EventType "swiss"]
[EventRounds "9"]
[EventCountry "ROU"]
[SourceTitle "CBM 176 Extra"]
[Source "ChessBase"]
[SourceDate "2017.03.02"]
[SourceVersion "1"]
[SourceVersionDate "2017.03.02"]
[SourceQuality "1"]

1. d4 d5 2. Nf3 Nc6 3. Nc3 Nf6 4. Bf4 Bg4 5. Nb5 Rc8 6. Nxc7+ Rxc7 7. Bxc7 Qxc7 8. e3 e5 9. Be2 Bd6 10. dxe5 Bxe5 11. Nxe5 Bxe2 12. Qxe2 Qxe5 13. Rb1 0-0 14. 0-0 Re8 15. Rfe1 h6 16. f3 d4 17. exd4 Qxe2 18. Rxe2 Rxe2 19. Rc1 Nxd4 20. c3 Nf5 21. g4 Nh4 22. Rb1 Nxf3+ 23. Kf1 Rxh2 24. Rd1 Rh1+ 25. Ke2 Rxd1 26. Kxd1 Nxg4 0-1